Proceedings of the Symposium on Performance of Electrodes for Industrial Electrochemical Processes

Saved in:
書目詳細資料
Main Authors: Hine, Fumio (Author), Tilak, B. V (Author), Fenton, James M (Author), Lisius, James D (Author)
格式: 圖書
語言:英语
出版: Pennington The Electrochemical Society 1989
叢編:Proceedings, 89-10
主題:
標簽: 添加標簽
沒有標簽, 成為第一個標記此記錄!

MARC

LEADER 00000nam a2200000 a 4500
001 UCT4006
003 CL-VaPUC
008 961105e19890000US |||||||||||||||||eng|d
082 0 4 |a 660.297  |b HIN  |2 21 
100 0 |a Hine, Fumio  |e author  |9 373099 
700 0 |a Tilak, B. V  |e author  |9 373100 
700 0 |a Fenton, James M  |e author  |9 373101 
700 0 |a Lisius, James D  |e author  |9 373102 
245 1 0 |a Proceedings of the Symposium on Performance of Electrodes for Industrial Electrochemical Processes 
300 |a 321 p 
942 |c BK 
945 |d 19961105 00:00:00  |a paguirre 
260 |a Pennington  |b The Electrochemical Society  |c 1989 
650 0 |a Tecnología química   |9 263002 
650 7 |a ELECTRODOS  |2 CL-VaPUC  |9 306983 
650 0 |a Electroquímica  |9 263973 
650 7 |a ELECTROLISIS  |2 CL-VaPUC  |9 360639 
583 |a last modification  |c 20130123 01:11:56  |k Rodrigo Vera 
490 0 |a Proceedings, 89-10 
999 |c 253482  |d 253480 
952 |0 0  |1 0  |4 0  |6 660_297000000000000_HIN_1989  |7 0  |8 A  |9 274356  |a BIBCUR  |b BIBCUR  |d 2019-11-19  |i 1784331  |o 660.297 HIN 1989  |p 1784331  |r 2025-04-22  |w 2019-11-19  |y BK  |k QUI